Ask in My Name (Record no. 7913)

MARC details
000 -LEADER
fixed length control field 00576nam a2200241 a 4500
020 ## - INTERNATIONAL STANDARD BOOK NUMBER
ISBN
082 00 - DEWEY DECIMAL CLASSIFICATION NUMBER
Classification number 248.32
Author Cutter HAR
100 ## - MAIN ENTRY--AUTHOR NAME
Author name Harlow, Gertrud
245 ## - TITLE STATEMENT
Title Ask in My Name
260 ## - PUBLICATION, DISTRIBUTION, ETC. (IMPRINT)
Place of publication Canada
Name of publisher Every Day Publications
Year of publication 1975
300 ## - PHYSICAL DESCRIPTION
Number of Pages 53p
500 ## - GENERAL NOTE
General note includes index and biblioraphy
505 2# - FORMATTED CONTENTS NOTE
Formatted contents note Bibliography
650 ## - SUBJECT ADDED ENTRY--TOPICAL TERM
Topical Term Prayer-Christianity
942 ## - ADDED ENTRY ELEMENTS (KOHA)
Koha item type Books
700 1# -
-- Harlow, Gertrud
Holdings
Collection code Home library Current library Date acquired Cost, normal purchase price Full call number Accession Number Koha item type
  Henry Martyn Institute Library Henry Martyn Institute Library 07/06/2007 100.00 248.32 HAR 010935 Books
                   Copyright © 2026 | Henry Martyn Institute | Hyderabad | TS-500052 | INDIA | Implemented by hmi.edu.in
Hit-Count:

Powered by Koha